[Event "Druzynowe Mistrzostwa Polski Juniorow - Ekstraliga"]
[Site "Suchedniow"]
[Date "1899-12-30"]
[Round "4.29"]
[White "Cieslak, Wiktoria"]
[Black "Gazikova, Veronika"]
[Result "0-1"]
[WhiteTitle "k+"]
[BlackTitle "k"]
[WhiteElo "1983"]
[BlackElo "2207"]

1. e4 Nf6 2. e5 Nd5 3. d4 d6 4. f4 Bf5 5. Bd3 Bxd3 6. Qxd3 Nc6 7. Nf3 dxe5 8. fxe5
Ndb4 9. Qe2 Nxd4 10. Nxd4 Qxd4 11. c3 Nd3+ 12. Kd2 Qxe5 13. Qxe5 Nxe5 14. Kc2
e6 15. Bf4 Bd6 16. Nd2 Ng4 17. Bxd6 cxd6 18. Rae1 d5 19. h3 Nf6 20. Rhf1 O-O 21.
g4 Rac8 22. Rf4 Rfe8 23. Ra4 a6 24. Rb4 Rc7 25. g5 Nh5 26. Rd4 Rec8 27. Nf1 Rc4
28. Rd3 Nf4 29. Rf3 Ng2 30. Re2 Rf4 31. Ref2 Rxf3 32. Rxf3 Ne1+ 0-1

[Event "Druzynowe Mistrzostwa Polski Juniorow - Ekstraliga"]
[Site "Suchedniow"]
[Date "1899-12-30"]
[Round "4.30"]
[White "Kulpa, Zuzanna"]
[Black "Kroliczek, Gabriela"]
[Result "0-1"]
[WhiteTitle "I++"]
[BlackTitle "I"]
[WhiteElo "1615"]
[BlackElo "1404"]

1. d4 Nf6 2. c4 e6 3. Nf3 b6 4. g3 Bb4+ 5. Bd2 Qe7 6. Bg2 Bb7 7. O-O Bxd2 8. Nbxd2
O-O 9. Qc2 d6 10. e4 e5 11. d5 a5 12. Ne1 Nbd7 13. Nd3 g6 14. a3 a4 15. Nb1 Nc5
16. Nxc5 bxc5 17. Nc3 Qd7 18. f4 exf4 19. gxf4 Ba6 20. Nxa4 Bxc4 21. Qxc4 Rxa4
22. Qc2 Re8 23. Rae1 Rd4 24. Rd1 Rxd1 25. Rxd1 Nxe4 26. Bxe4 Rxe4 27. Qxe4 Qg4+
28. Kf2 Qxd1 29. a4 Kf8 30. f5 Qd2+ 31. Kg3 Qxb2 32. fxg6 hxg6 33. Qc4 Qb6 34.
Kf3 c6 35. Ke4 Qb1+ 36. Kf3 Qf5+ 37. Ke3 Qe5+ 38. Qe4 Qxe4+ 39. Kxe4 cxd5+ 40.
Kxd5 Ke7 41. Kc6 c4 0-1

[Event "Druzynowe Mistrzostwa Polski Juniorow - Ekstraliga"]
[Site "Suchedniow"]
[Date "1899-12-30"]
[Round "5.1"]
[White "Jarmula, Lukasz"]
[Black "Golda, Sebastian"]
[Result "1-0"]
[WhiteTitle "IM"]
[BlackTitle "I"]
[WhiteElo "2447"]
[BlackElo "1932"]

1. d4 Nf6 2. c4 Nc6 3. Nf3 e6 4. a3 a5 5. Nc3 d6 6. e4 Be7 7. Be2 O-O 8. O-O e5
9. d5 Nb8 10. c5 Nbd7 11. cxd6 cxd6 12. Be3 g6 13. Bh6 Re8 14. Nd2 Kh8 15. Nb5
Ng8 16. Be3 f5 17. exf5 gxf5 18. Nc4 f4 19. Nbxd6 Rf8 20. Bd2 Bxd6 21. Nxd6 Ndf6
22. Nxc8 Rxc8 23. Bc3 Qd7 24. Bxe5 Qf5 25. Bc3 b6 26. Bg4 1-0

[Event "Druzynowe Mistrzostwa Polski Juniorow - Ekstraliga"]
[Site "Suchedniow"]
[Date "1899-12-30"]
[Round "5.2"]
[White "Marczuk, Anna"]
[Black "Gazik, Viktor"]
[Result "0-1"]
[WhiteTitle "k"]
[BlackTitle "FM"]
[WhiteElo "1931"]
[BlackElo "2436"]

1. e4 Nf6 2. e5 Nd5 3. d4 Nb6 4. Nf3 d5 5. exd6 exd6 6. h3 Nc6 7. c3 Bf5 8. Be2
Be7 9. Nbd2 O-O 10. Nf1 Bg6 11. Ng3 Bh4 12. Nxh4 Qxh4 13. O-O a5 14. a4 Rae8 15.
Bd3 Ne7 16. Bxg6 hxg6 17. Qg4 Qxg4 18. hxg4 Ned5 19. g5 Re6 20. Bd2 Nc4 21. Bc1
Ncb6 22. Bd2 c5 23. dxc5 dxc5 24. Rfc1 Nc4 25. Nf1 Re2 26. Be3 Ndxe3 27. Nxe3
Nxe3 28. fxe3 Re8 29. b4 cxb4 30. cxb4 axb4 31. Rab1 Re4 32. Rc7 Rg4 33. Rxb7
Rgxg2+ 34. Kh1 Rxg5 35. R1xb4 Rxe3 36. Kh2 Re2+ 37. Kh3 Re1 38. Kh2 Re8 39. Ra7
Rh5+ 40. Kg2 Rg5+ 41. Kh2 Rf5 42. a5 g5 43. a6 Re3 44. Rb2 Ra3 45. Ra8+ Kh7 0-1

[Event "Druzynowe Mistrzostwa Polski Juniorow - Ekstraliga"]
[Site "Suchedniow"]
[Date "1899-12-30"]
[Round "5.3"]
[White "Lis, Mateusz"]
[Black "Szczurek, Krzysztof"]
[Result "1-0"]
[WhiteTitle "I"]
[BlackTitle "I"]
[WhiteElo "1994"]
[BlackElo "1926"]

1. e4 c5 2. Nf3 d6 3. d4 cxd4 4. Nxd4 Nf6 5. Nc3 a6 6. Be3 e5 7. Nf3 Be7 8. Bc4
O-O 9. O-O Be6 10. Bb3 Nbd7 11. Qe2 Rc8 12. Rfd1 Bg4 13. Bg5 Qb6 14. Bxf6 Nxf6
15. h3 Bd7 16. Rab1 Qa7 17. Nd5 Nxd5 18. Bxd5 Bb5 19. Qd2 Kh8 20. c3 Bc6 21. Rbc1
Qb6 22. b3 h6 23. Rc2 Bd7 24. Bc4 Rcd8 25. Qe2 Qc7 26. a4 Rc8 27. Bd5 Bc6 28.
Bxc6 Qxc6 29. c4 f5 30. Nd2 f4 31. Rc3 Qb6 32. Rd3 Rf7 33. Kh1 Bh4 34. Qh5 Rf6
35. Qxh4 Rg6 36. f3 a5 37. Qe1 Rf8 38. Nf1 Rff6 39. Qd2 Qc7 40. Qf2 b6 41. Nd2
Rg3 42. Nf1 Rg5 43. Nh2 h5 44. Rd5 Rfg6 45. Rg1 Rg3 46. Rb5 d5 47. Rxd5 Qe7 48.
c5 bxc5 49. Qxc5 Qb7 50. Rxe5 Qxb3 51. Qf8+ 1-0

[Event "Druzynowe Mistrzostwa Polski Juniorow - Ekstraliga"]
[Site "Suchedniow"]
[Date "1899-12-30"]
[Round "5.4"]
[White "Korcyl, Patryk"]
[Black "Pelka, Michal"]
[Result "0-1"]
[WhiteTitle "II"]
[BlackTitle "II"]
[WhiteElo "1564"]
[BlackElo "1618"]

1. e4 c6 2. d4 d5 3. Nc3 dxe4 4. Nxe4 Bf5 5. Ng3 Bg6 6. Nh3 e6 7. Nf4 Bd6 8. Nxg6
hxg6 9. Qf3 Nf6 10. Bg5 Nbd7 11. Ne4 Be7 12. Bf4 Qb6 13. O-O-O Nxe4 14. Qxe4 Qa5
15. Kb1 O-O-O 16. h3 Nf6 17. Qf3 Qd5 18. Be2 Bd6 19. Qxd5 Nxd5 20. Bxd6 Rxd6 21.
Rd2 Rhd8 22. Rhd1 Ne7 23. c3 g5 24. Kc2 f5 25. g4 f4 26. Bf3 Rh8 27. Rh1 Rh6 28.
Re2 Ng6 29. Bg2 Nh4 30. Bf1 Rf6 31. Re5 Rd5 32. Re4 Ng6 33. Bc4 Rd6 34. Rhe1 Kd7
35. Bf1 b5 36. b3 a6 37. R4e2 Ke7 38. a4 Rf8 39. axb5 axb5 40. Ra1 Rc8 41. Bg2
Kd7 42. c4 0-1

[Event "Druzynowe Mistrzostwa Polski Juniorow - Ekstraliga"]
[Site "Suchedniow"]
[Date "1899-12-30"]
[Round "5.5"]
[White "Gazikova, Veronika"]
[Black "Jedrocha, Katarzyna"]
[Result "0-1"]
[WhiteTitle "k"]
[BlackTitle "k"]
[WhiteElo "2207"]
[BlackElo "1948"]

1. e4 c5 2. Nf3 d6 3. d4 cxd4 4. Nxd4 Nf6 5. Nc3 a6 6. Be3 e5 7. Nb3 Be7 8. f3
Be6 9. Nd5 Bxd5 10. exd5 O-O 11. c4 a5 12. Bd3 Na6 13. Rc1 b6 14. O-O Nc5 15.
Nxc5 bxc5 16. f4 exf4 17. Bxf4 Ne8 18. Rf3 g6 19. Bh6 Ng7 20. Qd2 f5 21. Rg3 Bf6
22. Bg5 Bxg5 23. Rxg5 Qf6 24. Rf1 Kh8 25. Rg3 Nh5 26. Rh3 Qd4+ 27. Kh1 Rae8 28.
Qh6 Qg7 29. Qc1 Nf6 30. Rh4 Ng4 31. Rh3 Re5 32. Qd2 a4 33. Bc2 Rfe8 34. Bxa4 Re2
35. Qf4 R8e4 36. Qxd6 Nf2+ 37. Kg1 Nxh3+ 38. gxh3 Qd4+ 39. Kh1 Re8 40. Qf4 R2e4
41. Qg3 Qxc4 0-1

[Event "Druzynowe Mistrzostwa Polski Juniorow - Ekstraliga"]
[Site "Suchedniow"]
[Date "1899-12-30"]
[Round "5.6"]
[White "Dylag, Emilia"]
[Black "Kulpa, Zuzanna"]
[Result "1/2-1/2"]
[WhiteTitle "I"]
[BlackTitle "I++"]
[WhiteElo "1712"]
[BlackElo "1615"]

1. d4 Nf6 2. Nf3 e6 3. e3 b6 4. Bd3 Bb7 5. Nbd2 c5 6. O-O Be7 7. b3 O-O 8. Bb2
Nc6 9. a3 Rc8 10. c4 cxd4 11. exd4 d5 12. Rc1 dxc4 13. bxc4 Rc7 14. Nb3 Rd7 15.
Qe2 Re8 16. Rfd1 Bf8 17. Ne5 Rc7 18. f4 g6 19. Qf1 Bg7 20. Be2 Qc8 21. Bf3 Ne7
22. Bxb7 Qxb7 23. Qf3 Qxf3 24. Nxf3 Ng4 25. Rd3 Rec8 26. Nbd2 Nd5 27. g3 Nge3
28. cxd5 Rxc1+ 29. Bxc1 Rxc1+ 30. Kf2 Nxd5 31. Ne5 Bxe5 32. dxe5 Rc2 33. Kf3 Kf8
34. Ke4 Nc3+ 35. Ke3 Ke7 36. h3 Nd1+ 37. Kf3 Nb2 38. Rd4 Rc3+ 39. Kf2 Rxa3 40.
Ne4 Nd3+ 41. Ke2 Nc1+ 42. Kd1 Rd3+ 43. Rxd3 Nxd3 44. Kc2 Nc5 45. Nd2 b5 46. Kc3
Kd7 47. Kb4 Kc6 48. Nf3 Na6+ 49. Ka5 Nc7 50. Ng5 Kc5 51. Nxf7 b4 52. Ka4 Kc4 53.
Nd6+ Kc3 54. Ne4+ Kd4 55. Nd6 a5 56. Nb7 Kc3 1/2-1/2

[Event "Druzynowe Mistrzostwa Polski Juniorow - Ekstraliga"]
[Site "Suchedniow"]
[Date "1899-12-30"]
[Round "5.7"]
[White "Wisniewski, Michal"]
[Black "Koziol, Kamil"]
[Result "0-1"]
[WhiteTitle "k+"]
[BlackTitle "k"]
[WhiteElo "2235"]
[BlackElo "2270"]

1. e4 c5 2. Nf3 e6 3. d4 cxd4 4. Nxd4 a6 5. Bd3 Bc5 6. Nb3 Be7 7. Qg4 g6 8. Qe2
d6 9. O-O Nd7 10. Na3 Ne5 11. Nc4 Nxc4 12. Bxc4 Qc7 13. Bd3 Nf6 14. c4 O-O 15.
Bd2 b6 16. Bc3 Bb7 17. f4 Nd7 18. f5 Bf6 19. Bxf6 Nxf6 20. Rac1 Qc6 21. fxe6 fxe6
22. e5 dxe5 23. c5 Nh5 24. cxb6 Qxb6+ 25. Kh1 Rxf1+ 26. Rxf1 Nf4 27. Rxf4 exf4
28. Bc4 Qe3 29. Bxe6+ Kg7 30. Bc4 Rc8 31. Qxe3 fxe3 32. Bd3 Rc2 0-1

[Event "Druzynowe Mistrzostwa Polski Juniorow - Ekstraliga"]
[Site "Suchedniow"]
[Date "1899-12-30"]
[Round "5.8"]
[White "Zylka, Stanislaw"]
[Black "Pultorak, Jan"]
[Result "1/2-1/2"]
[WhiteTitle "k"]
[BlackTitle "FM"]
[WhiteElo "2239"]
[BlackElo "2296"]

1. Nf3 Nf6 2. g3 d5 3. Bg2 c6 4. c4 Bg4 5. Ne5 Be6 6. cxd5 Bxd5 7. Nf3 c5 8. Nc3
Bc6 9. O-O e6 10. Re1 Be7 11. e4 O-O 12. d4 cxd4 13. Nxd4 Bc5 14. Be3 Nfd7 15.
Qe2 Qe7 16. Rac1 Rd8 17. Red1 Bxd4 18. Rxd4 Na6 19. Rcd1 Nb6 20. Rxd8+ Rxd8 21.
Rxd8+ Qxd8 22. Nb5 Qb8 23. Nxa7 Qxa7 24. Qd3 Qa8 25. Bxb6 Nb4 26. Qd2 Nxa2 27.
h4 h6 28. g4 Qa4 29. f3 Qb3 30. Bc5 Qc4 31. Be3 Bb5 32. Qd8+ Kh7 33. Qe7 Qe2 34.
Bf2 Qd1+ 35. Kh2 Qd2 36. Kg1 Qd1+ 37. Kh2 Qd2 38. Kg1 Qd1+ 1/2-1/2

[Event "Druzynowe Mistrzostwa Polski Juniorow - Ekstraliga"]
[Site "Suchedniow"]
[Date "1899-12-30"]
[Round "5.9"]
[White "Teclaf, Pawel"]
[Black "Posluszny, Tomasz"]
[Result "1-0"]
[WhiteTitle "CM"]
[BlackTitle "II"]
[WhiteElo "2191"]
[BlackElo "1555"]

1. e4 c5 2. Nf3 e6 3. d4 cxd4 4. Nxd4 Nf6 5. Nc3 Nc6 6. Ndb5 Bb4 7. a3 Bxc3+ 8.
Nxc3 d5 9. exd5 exd5 10. Bd3 d4 11. Ne2 O-O 12. O-O Bg4 13. f3 Bh5 14. Nf4 Bg6
15. Nxg6 hxg6 16. f4 Ne7 17. Bd2 Qb6 18. Qf3 Ned5 19. Rae1 Rfe8 20. Re5 Ne3 21.
Re1 Rxe5 22. fxe5 Nfd5 23. b4 Re8 24. c4 Ne7 25. Bxe3 dxe3 26. Qxe3 Qxe3+ 27.
Rxe3 Nc6 28. e6 f5 29. c5 Kf8 30. Bb5 Ke7 31. Bxc6 bxc6 32. Rd3 Kxe6 33. Rd6+
Kf7 34. Rxc6 Re7 35. b5 g5 36. Kf2 g6 37. b6 axb6 38. cxb6 Re5 39. a4 Re4 40.
a5 1-0

[Event "Druzynowe Mistrzostwa Polski Juniorow - Ekstraliga"]
[Site "Suchedniow"]
[Date "1899-12-30"]
[Round "5.10"]
[White "Oleksy, Krzysztof"]
[Black "Oglaza, Oskar"]
[Result "1-0"]
[WhiteTitle "I"]
[BlackTitle "k"]
[WhiteElo "1569"]
[BlackElo "2107"]

1. e4 c5 2. Nf3 d6 3. d4 Nf6 4. Nc3 cxd4 5. Qxd4 Nc6 6. Bb5 Bd7 7. Bxc6 Bxc6 8.
Bg5 Nd7 9. O-O-O Qb6 10. Qd2 g6 11. Nd4 Ne5 12. Qe2 Bg7 13. Be3 Qc7 14. f4 Nd7
15. g4 O-O 16. Rhg1 a6 17. h4 Nc5 18. Bf2 Ne6 19. f5 Nxd4 20. Bxd4 Bxd4 21. Rxd4
b5 22. g5 a5 23. h5 Kg7 24. Qh2 Rg8 25. Rf1 b4 26. hxg6 fxg6 27. fxg6 Rh8 28.
Qh6+ Kg8 29. Rf7 e5 30. Qg7# 1-0

[Event "Druzynowe Mistrzostwa Polski Juniorow - Ekstraliga"]
[Site "Suchedniow"]
[Date "1899-12-30"]
[Round "5.11"]
[White "Kopica, Paulina"]
[Black "Cieslak, Wiktoria"]
[Result "1-0"]
[WhiteTitle "I++"]
[BlackTitle "k+"]
[WhiteElo "1899"]
[BlackElo "1983"]

1. e4 c5 2. Nf3 d6 3. c3 Nf6 4. h3 Nc6 5. Bd3 e6 6. Bc2 Be7 7. O-O O-O 8. Re1 Qc7
9. d4 cxd4 10. cxd4 Rd8 11. Nc3 a6 12. Be3 b5 13. a3 Bb7 14. Qe2 Rac8 15. Rac1
Qb8 16. Bd3 Na5 17. Bg5 h6 18. Bh4 Rd7 19. e5 dxe5 20. Nxe5 Rd6 21. Bg3 Nb3 22.
Rcd1 Nxd4 23. Qe3 Nh5 24. Nxf7 Kxf7 25. Bxd6 Qxd6 26. Be4 Rd8 27. Bxb7 Bg5 28.
Ne4 Bxe3 29. Nxd6+ Rxd6 30. fxe3 Rb6 31. Rxd4 Rxb7 32. Rd6 a5 33. Red1 Nf6 34.
Ra6 a4 35. Rdd6 e5 36. Rdb6 Rc7 37. Rxb5 Rc1+ 38. Kh2 e4 39. Rxa4 Re1 40. Rb3
Ke6 41. Kg3 Ke5 42. Rb5+ Nd5 43. Rxd5+ Kxd5 44. Ra5+ Kc4 45. Kf4 Kd3 46. Rd5+
Kc2 47. b4 Kb3 48. Ra5 Rg1 49. g4 Rc1 50. Kxe4 Rc7 51. b5 Kc4 52. a4 Re7+ 53.
Kf4 Kd5 54. Ra6 Rf7+ 55. Kg3 Re7 56. Kf3 Rf7+ 57. Ke2 Kc5 58. b6 Kc6 59. a5 g5
60. Ra7 Kd5 1-0

[Event "Druzynowe Mistrzostwa Polski Juniorow - Ekstraliga"]
[Site "Suchedniow"]
[Date "1899-12-30"]
[Round "5.12"]
[White "Kroliczek, Gabriela"]
[Black "Sowa, Wiktoria"]
[Result "0-1"]
[WhiteTitle "I"]
[BlackTitle "I"]
[WhiteElo "1404"]
[BlackElo "1539"]

1. e4 Nf6 2. e5 Nd5 3. d4 d6 4. Nf3 g6 5. Be2 Bg7 6. O-O O-O 7. c4 Nb6 8. exd6
cxd6 9. d5 Bg4 10. Qb3 N8d7 11. Nbd2 Rc8 12. h3 Bxf3 13. Nxf3 Nc5 14. Qe3 Re8
15. Rb1 e6 16. dxe6 Rxe6 17. Qd2 Ne4 18. Qd3 Nxc4 19. Nd4 Re8 20. Rd1 Qb6 21.
b3 Bxd4 22. Qxd4 Qxd4 23. Rxd4 Nc3 24. Bxc4 Nxb1 25. Be3 Na3 26. Bd3 Nc2 27. Bxc2
Rxc2 28. a4 Re6 29. Rb4 b6 30. a5 bxa5 31. Rb8+ Kg7 32. Bd4+ Kh6 33. Rb7 f5 34.
h4 Re4 35. Bg7+ Kh5 36. f3 Re1+ 37. Kh2 Ree2 38. Bf6 Rxg2+ 39. Kh3 h6 40. Bg5
Rh2+ 41. Kg3 Rcg2+ 42. Kf4 hxg5+ 43. hxg5 Rh4+ 44. Ke3 Kxg5 45. Rxa7 Rb2 46. Rxa5
Rxb3+ 47. Kf2 Rh2+ 48. Kg3 Rc2 49. Ra6 f4+ 50. Kh3 Rxf3# 0-1

[Event "Druzynowe Mistrzostwa Polski Juniorow - Ekstraliga"]
[Site "Suchedniow"]
[Date "1899-12-30"]
[Round "5.13"]
[White "Nowak, Kamil"]
[Black "Kucza, Karol"]
[Result "1-0"]
[WhiteTitle "k+"]
[BlackTitle "FM"]
[WhiteElo "2313"]
[BlackElo "2294"]

1. d4 d5 2. Nf3 Nf6 3. c4 c6 4. Nc3 e6 5. Bg5 h6 6. Bxf6 Qxf6 7. e3 Nd7 8. Bd3
dxc4 9. Bxc4 g6 10. O-O Bg7 11. b4 O-O 12. Rc1 b6 13. b5 c5 14. Ne4 Qe7 15. dxc5
Nxc5 16. Nxc5 bxc5 17. Qc2 Bb7 18. Rfd1 Rfd8 19. Rxd8+ Rxd8 20. Bf1 Rc8 21. Nd2
Bd5 22. Nc4 h5 23. a4 g5 24. a5 g4 25. b6 Rb8 26. Rb1 h4 27. a6 g3 28. hxg3 hxg3
29. fxg3 Bh6 30. bxa7 Qxa7 31. Rxb8+ Qxb8 32. Kf2 Qa7 33. Qa4 Kg7 34. Qa1+ Kg8
35. Qf6 Qxa6 36. Qxh6 Bxc4 37. Qg5+ 1-0

[Event "Druzynowe Mistrzostwa Polski Juniorow - Ekstraliga"]
[Site "Suchedniow"]
[Date "1899-12-30"]
[Round "5.14"]
[White "Woloch, Oskar"]
[Black "Gumularz, Szymon"]
[Result "0-1"]
[WhiteTitle "k"]
[BlackTitle "I++"]
[WhiteElo "2164"]
[BlackElo "2267"]

1. e4 d6 2. d4 Nf6 3. Nc3 e5 4. Nf3 Nbd7 5. g3 g6 6. Bg2 Bg7 7. O-O O-O 8. h3 Re8
9. dxe5 dxe5 10. Bg5 c6 11. a4 Qc7 12. Nd2 b6 13. Re1 Nc5 14. Be3 Ne6 15. Qc1
Bb7 16. b4 Nd7 17. Nc4 f5 18. Bh6 Bf6 19. exf5 gxf5 20. Rb1 e4 21. Ne2 Ne5 22.
Ne3 Ng5 23. Kh1 Ngf3 24. Rd1 Bc8 25. b5 Qf7 26. bxc6 Nxc6 27. Nd5 Be5 28. Bf4
Be6 29. c4 Rac8 30. Bxf3 exf3 31. Nec3 Bg7 32. Nc7 Rxc7 33. Bxc7 Qh5 0-1

[Event "Druzynowe Mistrzostwa Polski Juniorow - Ekstraliga"]
[Site "Suchedniow"]
[Date "1899-12-30"]
[Round "5.15"]
[White "Czopor, Maciej"]
[Black "Kalemba, Igor"]
[Result "1-0"]
[WhiteTitle "I++"]
[BlackTitle "III"]
[WhiteElo "2016"]
[BlackElo "1041"]

1. e4 e6 2. d4 d5 3. Nc3 c5 4. exd5 exd5 5. Nf3 Nf6 6. Bg5 Be7 7. Be2 Ne4 8. Bxe7
Nxc3 9. Bxd8 Nxd1 10. Rxd1 Kxd8 11. dxc5 Be6 12. c4 Nd7 13. cxd5 Bg4 14. c6 Nc5
15. Rd4 Bxf3 16. Bxf3 Re8+ 17. Kd2 bxc6 18. dxc6+ Ke7 19. b4 Ne6 20. Rd7+ Kf8
21. Kc3 Ng5 22. Bd5 Rad8 23. f4 Ne6 24. Bxe6 fxe6 25. Rhd1 Rc8 26. c7 h6 27. Kc4
h5 28. Kc5 a6 29. Kc6 1-0

[Event "Druzynowe Mistrzostwa Polski Juniorow - Ekstraliga"]
[Site "Suchedniow"]
[Date "1899-12-30"]
[Round "5.16"]
[White "Gorkiewicz, Mateusz"]
[Black "Dytman, Radoslaw"]
[Result "1-0"]
[WhiteTitle "II"]
[BlackTitle "II+"]
[WhiteElo "1562"]
[BlackElo "1479"]

1. e4 e5 2. Nf3 Nc6 3. d4 exd4 4. Nxd4 Nf6 5. Nc3 Bb4 6. Nxc6 bxc6 7. Bd3 d5 8.
exd5 cxd5 9. O-O O-O 10. Bg5 c6 11. Qf3 Be7 12. Rae1 Re8 13. h3 Be6 14. Ne2 c5
15. Ng3 h6 16. Bc1 Qa5 17. Bf5 Bd6 18. Bxe6 Rxe6 19. Rxe6 fxe6 20. Bxh6 Qxa2 21.
Bc1 Qc4 22. c3 Rf8 23. Qe3 d4 24. cxd4 cxd4 25. Qg5 Bxg3 26. Qxg3 d3 27. Qe3 Rc8
28. Bd2 Qa6 29. Re1 Kf7 30. Qf4 Qc4 31. Qf3 Qd5 32. Qe3 a6 33. Bc3 Rc4 34. Rd1
Re4 35. Qa7+ Kg8 36. Qxa6 d2 37. Rxd2 Qf5 38. Bxf6 Re1+ 39. Kh2 Qxf6 40. Qd3 Qf4+
41. g3 Qf7 42. Qd8+ Kh7 43. Qh4+ Kg6 44. Qg4+ Kh7 45. b4 g6 46. Qh4+ Kg7 47. Qd4+
e5 48. Qd7 Rb1 49. b5 Qxd7 50. Rxd7+ Kf6 51. Rb7 Kf5 52. Kg2 Ke4 53. h4 Rb2 54.
Rb6 Kf5 55. Rb8 Ke4 56. Rb7 Rb3 57. Kh3 Rb2 58. Kg2 Rb3 59. b6 Rb2 60. Rb8 Rb3
61. b7 Rb2 62. g4 Rb3 63. h5 gxh5 64. gxh5 Rb6 65. Kg3 Rb3+ 66. Kg4 Rb1 67. h6
Rg1+ 68. Kh5 Rb1 69. h7 Kf5 70. Rf8+ 1-0

[Event "Druzynowe Mistrzostwa Polski Juniorow - Ekstraliga"]
[Site "Suchedniow"]
[Date "1899-12-30"]
[Round "5.17"]
[White "Dadello, Aleksandra"]
[Black "Buchta, Agnieszka"]
[Result "1-0"]
[WhiteTitle "I++"]
[BlackTitle "I++"]
[WhiteElo "1958"]
[BlackElo "1653"]

1. e4 e6 2. d4 d5 3. Nc3 Bb4 4. e5 c5 5. a3 Bxc3+ 6. bxc3 Qc7 7. Qg4 f5 8. Qg3
cxd4 9. cxd4 Ne7 10. Bd2 O-O 11. Bd3 b6 12. Ne2 Ba6 13. Nf4 Qd7 14. Bxa6 Nxa6
15. Qd3 Nb8 16. Bb4 Nbc6 17. Bd6 Rfc8 18. O-O Ng6 19. Ne2 Nd8 20. a4 Rc4 21. a5
Rac8 22. axb6 axb6 23. c3 Ra4 24. Rxa4 Qxa4 25. Rb1 Qc6 26. g3 Nb7 27. Qa6 b5
28. Qxc6 Rxc6 29. Bb8 Rb6 30. f4 Nf8 31. Ba7 Ra6 32. Bc5 Nd7 33. Rxb5 Nbxc5 34.
dxc5 Rc6 35. Nd4 Rxc5 36. Rb7 Nf8 37. Rb8 Kf7 38. Rxf8+ Kxf8 39. Nxe6+ Ke7 40.
Nxc5 1-0

[Event "Druzynowe Mistrzostwa Polski Juniorow - Ekstraliga"]
[Site "Suchedniow"]
[Date "1899-12-30"]
[Round "5.18"]
[White "Karlyk, Maria"]
[Black "Harazinska, Magdalena"]
[Result "0-1"]
[WhiteTitle "I"]
[BlackTitle "I++"]
[WhiteElo "1600"]
[BlackElo "1811"]

1. e4 e5 2. Nf3 Nc6 3. d4 exd4 4. Nxd4 Qh4 5. Qd3 Nf6 6. Nxc6 bxc6 7. Nd2 Bc5 8.
g3 Qh5 9. Be2 Qh3 10. Bf3 O-O 11. Nb3 Bb6 12. Be3 Bxe3 13. Qxe3 Re8 14. O-O-O
d5 15. Qd4 dxe4 16. Bxe4 Nxe4 17. Qxe4 Bg4 18. Qxc6 Bxd1 19. Kxd1 Rad8+ 20. Kc1
Qf5 21. f4 h6 22. c3 Qd3 23. Nd4 Qe3+ 24. Kc2 Qf2+ 25. Kc1 Rb8 26. Nb3 Re2 0-1

[Event "Druzynowe Mistrzostwa Polski Juniorow - Ekstraliga"]
[Site "Suchedniow"]
[Date "1899-12-30"]
[Round "5.19"]
[White "Chomczyk, Marek"]
[Black "Sernecki, Franciszek"]
[Result "1/2-1/2"]
[WhiteTitle "k"]
[BlackTitle "I"]
[WhiteElo "2167"]
[BlackElo "1974"]

1. d4 d5 2. c4 dxc4 3. Nc3 c5 4. d5 Nf6 5. e4 b5 6. e5 b4 7. exf6 bxc3 8. bxc3
Nd7 9. Qa4 Qb6 10. Bxc4 exf6 11. Ne2 Bd6 12. Bb5 Qc7 13. Qe4+ Kd8 14. h3 Re8 15.
Qc2 Rb8 16. Bxd7 Qxd7 17. O-O Qf5 18. Qxf5 Bxf5 19. Ng3 Bd3 20. Rd1 Bc2 21. Rf1
Bd3 22. Rd1 Bc2 23. Rf1 c4 24. Nh5 Bd3 25. Nxg7 Rg8 26. Nh5 Bxf1 27. Kxf1 Be5
28. Be3 a6 29. Nf4 Bxf4 30. Bxf4 Rb2 31. a4 Rb3 32. Rc1 Kd7 33. Ke2 Re8+ 34. Kf3
f5 35. g4 fxg4+ 36. hxg4 f6 37. Be3 Kd6 38. Bd4 Kxd5 39. Rh1 Ra3 40. Rh5+ Re5
41. Rxh7 Rxa4 42. Bxe5 Kxe5 43. Rh5+ Ke6 44. Ke4 Ra2 45. f3 Re2+ 46. Kd4 Ra2 47.
Rc5 a5 48. Rxc4 a4 49. Rc6+ Kf7 50. Ra6 Rf2 51. Ke4 Rc2 1/2-1/2

[Event "Druzynowe Mistrzostwa Polski Juniorow - Ekstraliga"]
[Site "Suchedniow"]
[Date "1899-12-30"]
[Round "5.20"]
[White "Dmochowska, Agnieszka"]
[Black "Kowalski, Igor"]
[Result "1/2-1/2"]
[WhiteTitle "WCM"]
[BlackTitle "k"]
[WhiteElo "2059"]
[BlackElo "2131"]

1. e4 c5 2. Nf3 e6 3. d4 cxd4 4. Nxd4 a6 5. Bd3 Bc5 6. Nb3 Ba7 7. e5 Nc6 8. Bf4
Nge7 9. Bg3 Ng6 10. Qe2 Qc7 11. Be4 b5 12. N1d2 Bb7 13. c4 Nd4 14. Nxd4 Bxd4 15.
O-O O-O 16. Bxb7 Qxb7 17. Nb3 Bb6 18. c5 Bd8 19. Rfd1 Ne7 20. Nd2 Nd5 21. Ne4
Be7 22. Rac1 Rfc8 23. Qg4 f5 24. exf6 Nxf6 25. Nxf6+ Bxf6 26. b4 a5 27. a3 axb4
28. axb4 Ra2 29. h4 Kh8 30. Rd6 Rc6 31. Qd1 Ra7 32. Qd2 Qc8 33. Rd1 Rxd6 34. Qxd6
Kg8 35. Qb6 Rb7 36. Qa6 Bd8 37. c6 Rc7 38. Qxc8 Rxc8 39. Rxd7 Bf6 40. Rb7 Rxc6
41. Rxb5 Kf7 42. Rb7+ Kg6 43. b5 Rc1+ 44. Kh2 Rc4 45. Kh3 Kf5 46. Rc7 Rb4 47.
Rc5+ Ke4 48. Bc7 Bd4 49. Rg5 Kd3 50. f3 h6 51. Rg4 Rxb5 52. Re4 e5 53. Kg4 Rb2
54. g3 1/2-1/2

[Event "Druzynowe Mistrzostwa Polski Juniorow - Ekstraliga"]
[Site "Suchedniow"]
[Date "1899-12-30"]
[Round "5.21"]
[White "Pacan-milej, Kosma"]
[Black "Kawaler, Adam"]
[Result "1-0"]
[WhiteTitle "I"]
[BlackTitle "I"]
[WhiteElo "2033"]
[BlackElo "1761"]

1. d4 d5 2. c4 c6 3. Nf3 Nf6 4. Nc3 Ne4 5. e3 e6 6. Bd3 Nxc3 7. bxc3 Bd6 8. O-O
Nd7 9. Qc2 h6 10. Bb2 O-O 11. Rad1 Qc7 12. Rfe1 Nf6 13. h3 b6 14. cxd5 exd5 15.
c4 Ba6 16. cxd5 Bxd3 17. Rxd3 Nxd5 18. a3 Rfe8 19. Ne5 Rac8 20. Rc1 Bxe5 21. dxe5
Red8 22. Rcd1 Kf8 23. Qd2 Ke8 24. e4 Ne7 25. Rd6 Ng6 26. f4 Nf8 27. f5 Qe7 28.
Qf2 Rxd6 29. exd6 Qd7 30. Bxg7 c5 31. e5 Qa4 32. Rd2 Qxa3 33. Bxf8 Qa1+ 34. Qf1
Qxf1+ 35. Kxf1 Kxf8 36. e6 fxe6 37. fxe6 Rb8 38. Rf2+ Kg8 39. d7 1-0

[Event "Druzynowe Mistrzostwa Polski Juniorow - Ekstraliga"]
[Site "Suchedniow"]
[Date "1899-12-30"]
[Round "5.22"]
[White "Kosior, Jan"]
[Black "Ossolinski, Ziemowit"]
[Result "0-1"]
[WhiteTitle "II"]
[BlackTitle "I"]
[WhiteElo "1524"]
[BlackElo "1845"]

1. e4 e6 2. d4 d5 3. exd5 exd5 4. Nf3 Bd6 5. c4 dxc4 6. Bxc4 Nf6 7. O-O O-O 8.
Nc3 Bg4 9. Bg5 Be7 10. Re1 h6 11. Bh4 Nbd7 12. h3 Bh5 13. Qd3 Kh8 14. Ne5 Nxe5
15. dxe5 Ng8 16. Qxd8 Rfxd8 17. Bg3 Bb4 18. Re3 Ne7 19. Nb5 Nf5 20. Rb3 Bc5 21.
Nxc7 Rac8 22. Nb5 a6 23. Nd6 Bxd6 24. exd6 Nxg3 25. Bxa6 bxa6 26. Rxg3 Rxd6 27.
Ra3 Rc2 28. Rf1 Rxb2 29. Ra5 Bg6 30. a3 Ra2 31. h4 Rdd2 32. Rxa6 Bd3 33. Ra8+
Kh7 34. g3 Bxf1 35. Kxf1 Rxf2+ 36. Kg1 Rg2+ 37. Kf1 Rxg3 38. Re8 Raxa3 39. Re2
Raf3+ 40. Ke1 Re3 41. Rxe3 Rxe3+ 0-1

[Event "Druzynowe Mistrzostwa Polski Juniorow - Ekstraliga"]
[Site "Suchedniow"]
[Date "1899-12-30"]
[Round "5.23"]
[White "Kaczmarska, Joanna"]
[Black "Frej, Zofia"]
[Result "0-1"]
[WhiteTitle "k"]
[BlackTitle "I++"]
[WhiteElo "1923"]
[BlackElo "1929"]

1. d4 d5 2. c4 dxc4 3. e3 c5 4. Bxc4 Nf6 5. Nc3 Nc6 6. Nge2 a6 7. a4 e6 8. h3 Be7
9. O-O O-O 10. b3 b6 11. Ba3 Bb7 12. Qc2 cxd4 13. Bxe7 Qxe7 14. exd4 Rfd8 15.
Rfd1 Rac8 16. Qb2 h6 17. Bd3 Nb4 18. Bc4 Nfd5 19. Nxd5 Nxd5 20. Rd3 Qd6 21. Rg3
g6 22. Qd2 Kh7 23. Rd1 Rc7 24. Bxd5 Bxd5 25. Re3 Rdc8 26. f3 Rc2 27. Qd3 a5 28.
Qb5 Kg7 29. Qd3 Rb2 30. Rb1 Rxb1+ 31. Qxb1 Qb4 32. Qd1 Qa3 33. Qb1 Qb4 34. Rd3
b5 35. Qd1 bxa4 36. bxa4 Qb2 37. Rd2 Qb3 38. Qa1 Qe3+ 0-1

[Event "Druzynowe Mistrzostwa Polski Juniorow - Ekstraliga"]
[Site "Suchedniow"]
[Date "1899-12-30"]
[Round "5.24"]
[White "Czarniecka, Aleksandra"]
[Black "Malicka, Maria"]
[Result "0-1"]
[WhiteTitle "I"]
[BlackTitle "k+"]
[WhiteElo "1631"]
[BlackElo "1938"]

1. e4 e5 2. Nf3 Nc6 3. Bb5 a6 4. Ba4 Nf6 5. O-O Be7 6. Re1 b5 7. Bb3 d6 8. c3 O-O
9. h3 Na5 10. Bc2 c5 11. d4 Qc7 12. Nbd2 cxd4 13. cxd4 Bd7 14. d5 Rac8 15. Bd3
Nb7 16. Nb3 a5 17. Be3 a4 18. Nbd2 Nc5 19. Rc1 Qb8 20. Bxc5 dxc5 21. b3 axb3 22.
axb3 Ne8 23. Nf1 f6 24. Ne3 Nd6 25. Re2 Bd8 26. Rec2 Bb6 27. Nh4 g6 28. Qf3 Kh8
29. g4 Qb7 30. Qg3 Nf7 31. Nf3 Qa7 32. Nf1 Rce8 33. N1d2 Qa3 34. Rc3 Ng5 35. Nxg5
fxg5 36. Nf3 Rf4 37. Nd2 Ba5 38. Nb1 Qb2 39. Rxc5 Bb6 40. R5c2 Bxf2+ 41. Kg2 Qxc1
42. Rxc1 Bxg3 43. Kxg3 Ref8 44. Nd2 Rf2 45. Rd1 h5 46. gxh5 gxh5 47. h4 Bg4 48.
Rf1 Rxf1 49. Bxf1 gxh4+ 50. Kg2 h3+ 51. Kg3 Rc8 52. Bxb5 Rc3+ 0-1